000 00813nas a2200289 4500
001 BR7301904
003 BR-BrBNA
005 20231205082413.0
007 ta
008 230509b bl.|||p| |||| 00| 00por d
040 _aBR-BrBNA
_bpor
_cBiblioteca Nacional de Agricultura
041 _a(Pt)
072 _aQ10
100 1 _aJordao, B.A.
100 1 _aStolf, S.R.
100 1 _aGarrutti, R.S.
100 1 _aAngelucci, E.
100 1 _aTango, J.S.
245 1 _aArmazenamento de feijao-de-mesa [variedade rosinha, Brasil]
650 _aARMAZENAMENTO
650 _aFEIJAO
650 _aVARIEDADE
650 _aUMIDADE
773 0 _tColetanea do Instituto de Tecnologia de Alimentos (Brazil)
_x
_g(1969), v. 3 p. 217-252
_wBR7301904
909 _a202311
_bLúcia
_c55
_dLúcia Elande
942 _2AGRIS
_n0
_cANA
999 _c91503
_d91503